Представление документа в формате RUSMARC

ПолеНазваниеЗначение
  Тип записи a
  Библиографический уровень a
001 Контрольный номер RU/CBS_Ul/BASE/534857714
005 Дата корректировки 20240209175109.9
100 Данные общей обработки __
a Данные общей обработки 20161212d2016 ||| 0rusy0189 ca
101 Язык документа 0_
a Язык текста rus
102 Страна публикации __
a Страна публикации RU
105 Кодированные данные (монография) __
a Кодированные данные (монография) y###||||000|y
200 Заглавие и сведения об ответственности 1_
a Заглавие Прорыв Василия Баданова
b Общее обозначение материала Текст
e Сведения, относящиеся к заглавию [о герое Сталинградской битвы, нашем земляке В. Баданове]
f Первые сведения об ответственности С. Никифорова
300 Общие примечания __
a Общие примечания Ограничения по возрасту - 16+
461 Уровень набора _0
1 2000
a Ульяновск сегодня
463 Уровень физической единицы _0
1 001RU/CBS_Ul/BASE/534857073
1 2000
a № 107 (9 дек.)
v С. 12
1 210
d 2016
600 Персоналии _0
a Персоналии (Фамилия) Баданов
b Персоналии (Имя, инициалы) В. М.
606 Тематические рубрики 0_
a Основная рубрика Участники Великой Отечественной войны -1941-1945 - Ульяновская область
610 Ключевые слова 0_
a Ключевые слова Великая Отечественная война
610 Ключевые слова 0_
a Ключевые слова ВОВ
610 Ключевые слова 0_
a Ключевые слова герои Великой Отечественной войны
610 Ключевые слова 0_
a Ключевые слова участники Великой Отечественной войны
610 Ключевые слова 0_
a Ключевые слова военачальники
610 Ключевые слова 0_
a Ключевые слова генералы
610 Ключевые слова 0_
a Ключевые слова Сталинградская битва
686 Индексы других классификаций __
a Классификационный индекс 63.3(2)622.78
2 Код системы ББК
700 Автор _1
a Фамилия Никифорова
b Имя (инициалы) С.
801 Источник записи _0
a Страна RU
b Организация МБУК ЦБС г. Ульяновска
c Дата составления 20161212
g Правила каталогизации RCR
801 Источник записи _1
a Страна RU
b Организация МБУК ЦБС г. Ульяновска
c Дата составления 20161212
g Правила каталогизации RCR
901 Тип документа __
t Тип документа b
w Контрольный № источника RU/CBS_Ul/BASE/534857073
910 Корректоры записи __
a Корректор записи Сидоркина
938 Служебная информация __
a Имя БД kraeved